Thực hành thí nghiệm vật lí 7

Đã lưu trong:
書目詳細資料
其他作者: Từ Văn Sơn (ch.b)
格式: 圖書
語言:Vietnamese
出版: H. Giáo dục 2003
主題:
標簽: 添加標簽
沒有標簽, 成為第一個標記此記錄!
Thư viện lưu trữ: Mạng thư viện Đại học Đà Nẵng
LEADER 00796nam a22003018a 4500
001 000008274
003 4460
005 20111014151000.0
008 111014s2003 viesd
020 |c 2000đ  |d 45000b 
041 0 |a vie 
084 |a C3z71  |b TH552H 
245 1 0 |a Thực hành thí nghiệm vật lí 7  |c Từ Văn Sơn ch.b 
260 |a H.  |b Giáo dục  |c 2003 
300 |a 23tr.  |b hình vẽ  |c 24cm 
650 7 |2 Bộ TK TVQG  |a Vật lí 
650 7 |a Sách giáo khoa 
650 7 |a Lớp 7 
650 7 |a Bài tập thực hành 
700 0 |a Từ Văn Sơn  |e ch.b 
OWN |a LSP 
999 |a From the UDN01 
TYP |a Monograph 
TYP |a Printed language 
980 |a Mạng thư viện Đại học Đà Nẵng